| 000 | 00523 a2200193 4500 | ||
|---|---|---|---|
| 005 | 20260210112034.0 | ||
| 008 | 260209b |||||||| |||| 00| 0 eng d | ||
| 020 |
_a9780198894261 _cRs. 1995.00 |
||
| 040 | _aMAIN | ||
| 082 |
_a320.954 _bG15O |
||
| 100 | _aGanguly, Sumit, ed. | ||
| 245 | _aOxford handbook of indian politics | ||
| 260 |
_bOxford University Press _c2024 _aOxford |
||
| 300 | _axxv, 640 | ||
| 650 | _aPolitical Science | ||
| 650 | _aIndian Politics | ||
| 700 | _aEswaran Sridharan, ed. | ||
| 942 | _cBK | ||
| 999 |
_c395286 _d395286 |
||